MARC

LEADER 00000nam0a2200000 4500
001 13487
005 20231030185015.0
010 |a 5827500100 
035 |a (RuTPU)RU\TPU\book\13569 
035 |a BOOK00013636 
090 |a 13487 
100 |a 20011209d1998 m y0rusy50 ca 
101 1 |a rus  |c eng 
102 |a RU  |a UA 
105 |a y j 000zy 
200 1 |a Основы маркетинга  |e пер. с англ.  |f Ф. Котлер, Г. Армстронг, Д. Сондерс, В. Вонг 
205 |a 2-е европ. изд. 
210 |a Москва  |a СПб.  |a Киев  |c Вильямс  |d 1998 
215 |a 1056 с. 
610 1 |a экономика 
610 1 |a маркетинг 
610 1 |a управление 
610 1 |a глобальный рынок 
610 1 |a потребительский рынок 
610 1 |a предприятия 
610 1 |a покупательское поведение 
610 1 |a товары 
610 1 |a услуги 
610 1 |a потребители 
610 1 |a маркетинговые исследования 
610 1 |a сегментирование 
610 1 |a позиционирование 
610 1 |a рынок 
610 1 |a конкуренция 
610 1 |a ценообразование 
610 1 |a сбыт 
610 1 |a продажи 
610 1 |a реклама 
610 1 |a массовые коммуникации 
610 1 |a распределение 
610 1 |a интерактивный маркетинг 
610 1 |a учебные пособия 
686 |a У821.4я73  |v LBC/SL-A  |2 rubbk 
701 1 |a Котлер  |b Ф.  |g Филип 
701 1 |a Армстронг  |b Г.  |g Гари 
701 1 |a Сондерс  |b Д.  |g Джон 
701 1 |a Вонг  |b В.  |g Вероника 
801 0 |a RU  |b 63413507  |c 20011209  |g PSBO 
801 2 |a RU  |b 63413507  |c 20120605  |g PSBO 
900 |a Основы менеджмента. Маркетинг 
942 |c BK